Statistics for 3 Letter codes A-C

Click here to take the quiz!

General Stats

  • This quiz has been taken 75 times
  • The average score is 30 of 45

Answer Stats

CodeCountry% Correct
AFGAfghanistan
96%
AUSAustralia
96%
ALGAlgeria
94%
ALBAlbania
92%
ARGArgentina
90%
BRABrazil
88%
ARMArmenia
87%
BOLBolivia
87%
ANDAndorra
85%
BELBelgium
85%
CANCanada
85%
AUTAustria
83%
BULBulgaria
83%
CZECzech Republic
83%
ANGAngola
81%
BOTBotswana
81%
CHNChina
81%
CUBCuba
81%
CROCroatia
79%
CGORepublic of the Congo
79%
BHUBhutan
75%
AZEAzerbaijan
73%
CAMCambodia
71%
COLColombia
71%
BARBarbados
69%
BANBangladesh
65%
CHIChile
65%
BLRBelarus
63%
BRUBrunei
63%
CMRCameroon
63%
ANTAntigua & Barbuda
62%
BAHBahamas
62%
BENBenin
56%
BIZBelize
52%
CPVCape Verde
50%
CHAChad
48%
BDIBurundi
46%
COMComoros
46%
BURBurkina Faso
44%
CAFCentral African Republic
40%
CIVCôte d'Ivoire
37%
BRNBahrain
31%
BIHBosnia & Herzegovina
31%
CRCCosta Rica
25%
CODDR Congo
12%

Score Distribution

Percentile by Number Answered

Percent of People with Each Score

Your Score History

You have not taken this quiz